000 00442cam a2200181 4500
001 D6252
008 090401t1984 xxu||||| |||| 00| 0 eng d
035 _a(Sirsi) u93401
041 _aeng
050 _a692.8
100 _aJones, Glyn P
245 2 _aA new approach to the JCT design and build contract
260 _aLondon
_bConstruction Press
_c1984
300 _a155p. 21 x 30cm
350 _a35
942 _n0
948 _c04/03/1997
999 _c97833
_d97833